Uczestnicy PEMK/Ligi Mistrzów z ligi angielskiej. - Statystyki

Ogólne statystyki
  • Ten quiz został rozwiązany 22 razy
  • Średni wynik to 12 z 16
Statystyki odpowiedzi
Odpowiedż % Poprawnych
Chelsea
100%
Arsenal
95%
Liverpool
95%
Manchester City
95%
Manchester United
95%
Tottenham Hotspur
95%
Aston Villa
85%
Nottingham Forest
80%
Newcastle United
75%
Everton
70%
Leicester City
70%
Leeds United
65%
Blackburn Rovers
55%
Ipswich Town
45%
Derby County
35%
Wolverhampton Wanderers
25%
Nie znaleziono quizów pasujących do podanych kryteriów
Rozkład punktacji
Procent ludzi z każdym wynikiem
Percentyl według liczby udzielonych odpowiedzi
Twoja historia wyników
Nie rozwiązałeś tego quizu